00310nam a22001097a 4500020000800000040001600008082001600024100002400040245007400064260003100138300003100169 qPB. cFIZZA ISHAQ a371.26bMAG aMager , Robert F.  aMeasuring Instructional Intent; Or, Got a Match? /c Robert F. Mager. aNew York:bFearon ,c1973. a159 P. ;c8.3 x 5.4 inches